000 01024nam a2200241 a 4500
001 BRCA_1898
005 20190320203608.0
008 110408s2007----sp-a---###---#000-0#spa-#
020 _a9788497853804
050 4 _aNK4340.T3
_b.T35 2007
245 1 0 _aTalaveras de Puebla
_bcerámica colonial mexicana : siglos XVII a XXI.
260 _aMadrid
_bMuseu de Ceràmica : Gobierno del Estado de Puebla
_c2007
300 _a143 p.
_bil. a color, fotografías
_c27 cm.
500 _aCatálogo de la exposición realizada en el Museu de Ceràmica (Barcelona), 2007
500 _aIncluye piezas de la colección Franz Mayer: p. 63-91
504 _aBibliografía: p. 117
546 _aTexto en español e inglés
610 2 4 _aReal Fábrica de loza y porcelana de Alcora
_xTalleres de alfarería
_ySiglo XVIII
_zEspaña
_95860
610 2 4 _aMuseu de Cerámica
_vExposiciones
_zBarcelona
_95861
650 1 4 _aTalavera
_ySiglos XII a XXI
_zPuebla, México
_95862
650 1 4 _aCerámica esmaltada
_zPuebla, México
_95863
942 _2lcc
_cB
999 _c1672
_d1672